00354nam a2200145Ia 4500003000400000005001700004008004100021040000700062041000800069082002100077100002200098245003300120260004200153365001300195OSt20230524161823.0210423s1997 xx 000 0 und d cAL aeng a363.8 223bCRAN aCRAYHON (Robert). aNutrition for a longer life. aMumbaibOxford University Pressc1997 b175cINR